qorst quxjz - Statistics

General Stats
  • This quiz has been taken 7 times
  • The average score is 10 of 19
Answer Stats
Fixed & Country Answer % Correct
F*CK FUCK
83%
Fiji fiji
67%
Never {gonna}
67%
I live in India
67%
India India
67%
You Lie
67%
I like
67%
Crissy wake
67%
Do you like me Yes
67%
>_< Bruh you think
50%
up never
50%
am i italian no
50%
do you bully me? NO
50%
am i indian yes
50%
-_- _-_
33%
bl*ck people black
33%
Celllllllle Cell
33%
Ok so, why are they ______ me commenting
33%
Thats how i got my {pencil} back
33%
No matching quizzes found
Score Distribution
Percent of People with Each Score
Percentile by Number Answered
Your Score History
You have not taken this quiz